Development of High Strength Concrete with Locally Available Materials and Study its Mechanical Properties / (Record no. 2266)
[ view plain ]
| 000 -LEADER | |
|---|---|
| fixed length control field | 00418 a2200097 4500 |
| 082 ## - DEWEY DECIMAL CLASSIFICATION NUMBER | |
| Classification number | 624.171 KHA |
| 100 ## - MAIN ENTRY--PERSONAL NAME | |
| Personal name | Muhammad Zafar Iqbal Khan, Maj |
| 245 ## - TITLE STATEMENT | |
| Title | Development of High Strength Concrete with Locally Available Materials and Study its Mechanical Properties / |
| Statement of responsibility, etc. | Maj, Muhammad Zafar Iqbal Khan |
| 260 ## - PUBLICATION, DISTRIBUTION, ETC. | |
| Place of publication, distribution, etc. | Rawalpindi : |
| Name of publisher, distributor, etc. | Military College of Engineering, |
| Date of publication, distribution, etc. | 1999 |
| 300 ## - PHYSICAL DESCRIPTION | |
| Extent | various Pages |
| Other physical details | ill, pics . ; |
| Dimensions | 30 cm |
| 650 ## - SUBJECT ADDED ENTRY--TOPICAL TERM | |
| Topical term or geographic name entry element | Structural Engineering |
| Withdrawn status | Lost status | Damaged status | Not for loan | Permanent Location | Current Location | Shelving location | Date acquired | Total Checkouts | Full call number | Barcode | Date last seen | Price effective from | Koha item type |
|---|---|---|---|---|---|---|---|---|---|---|---|---|---|
| School of Civil and Environmental Engineering (SCEE) | School of Civil and Environmental Engineering (SCEE) | 05/13/2010 | 624.171 KHA | NIT-127T | 01/05/2017 | 01/05/2017 | Book | ||||||
| School of Civil and Environmental Engineering (SCEE) | School of Civil and Environmental Engineering (SCEE) | 01/05/2017 | NIT-0127T | NIT-0127 | 01/05/2017 | 01/05/2017 | Book |
